| 000 | 00389nam a2200133Ia 4500 | ||
|---|---|---|---|
| 005 | 20260328104324.0 | ||
| 008 | 260328s9999||||xx |||||||||||||| ||und|| | ||
| 100 | _aPeña, Alejandra | ||
| 245 | 0 |
_aIndustria y Habitat Colectivo : _b conjunto habitacionales en el sur de Chile / _cAlejandra Peña |
|
| 260 | _bUniversidad de Concepción | ||
| 300 | _a175 p. | ||
| 650 | _aCHILE | ||
| 942 | _cBK | ||
| 999 |
_c11434 _d11434 |
||